| 000 | 01109nam a22002777a 4500 | ||
|---|---|---|---|
| 005 | 20180209122712.0 | ||
| 008 | 131126b xxu||||| |||| 00| 0 eng d | ||
| 010 | _aPUN-7724 B-577439-442 B-669861 | ||
| 020 | _c175.00 | ||
| 035 | _aPN-6842 B-577439-442 | ||
| 035 | _aB-669861 | ||
| 037 | _bDBAD / PUB | ||
| 037 | _bArsee Publishers | ||
| 037 | _bstar publications/ven | ||
| 040 |
_adpl _bpn |
||
| 082 | _a851 | ||
| 100 | _aਸੁਖਬੀਰ | ||
| 245 |
_aਇਬਾਦਤਗਾਹਾਂ / _cਸੁਖਬੀਰ |
||
| 246 |
_aIbadatgahan _bby Sukhbir |
||
| 260 |
_aDelhi _bArsee Publishers _c2013 |
||
| 270 |
_bDelhi _aChandni Chowk _k011-65966481 |
||
| 300 | 4 |
_a93p. _c22ਸੇਂਮੀ (ਸਜਿਲੱਦ) |
|
| 942 |
_2ddc _cPN _h851 _mਸੁਖਬੀ |
||
| 999 |
_c80890 _d80890 |
||